GASTROINTESTINAL PARASITES OF CHICKEN IN HAN CHEY COMMUNE CHHLONG DISTRICT, KRATIE PROVINCE,បរាសិតក្នុងប្រដាប់រំលាយអាហារមាន់ នៅឃុំហាន់ជ័យ ស្រុកឆ្លូង ខេត្តក្រចេះ (Record no. 24758)

000 -LEADER
fixed length control field 00679nam a22001337a 4500
040 ## - CATALOGING SOURCE
Transcribing agency RUA
082 ## - DEWEY DECIMAL CLASSIFICATION NUMBER
Classification number VEM PEN 2024 B1-330 Or.
100 ## - MAIN ENTRY--AUTHOR NAME
Personal name PEN PYREACH,ប៉ែន ភីរាជ្យ
245 ## - TITLE STATEMENT
Title GASTROINTESTINAL PARASITES OF CHICKEN IN HAN CHEY COMMUNE CHHLONG DISTRICT, KRATIE PROVINCE,បរាសិតក្នុងប្រដាប់រំលាយអាហារមាន់ នៅឃុំហាន់ជ័យ ស្រុកឆ្លូង ខេត្តក្រចេះ
260 ## - PUBLICATION, DISTRIBUTION, ETC. (IMPRINT)
Place of publication phnom penh
Name of publisher rua
Year of publication 2024
300 ## - PHYSICAL DESCRIPTION
Number of Pages ix.38p.
Other physical details ill.
Dimensions 29cm.
856 ## - ELECTRONIC LOCATION AND ACCESS
Uniform Resource Identifier https://drive.google.com/file/d/10TuzSibfArmV6o2gvhvzwXAVMw--XpYq/view?usp=sharing
942 ## - ADDED ENTRY ELEMENTS (KOHA)
Koha item type VEM
952 ## - LOCATION AND ITEM INFORMATION (KOHA)
Withdrawn status [LOCAL, KOHA] 0
952 ## - LOCATION AND ITEM INFORMATION (KOHA)
Withdrawn status [LOCAL, KOHA] 0
Holdings
Permanent Location Date acquired Koha item type Lost status Shelving location Barcode Current Location Full call number
Library Block B2025-04-29VEM B1.330a083459Library Block BVEM PEN 2024 B1-330 Or.
Library Block B2025-04-29VEM B1.330a082654Library Block BVEM PEN 2024 B1-330 Or.
មជ្ឈមណ្ឌលឯការនៃសាកលវិទ្យាល័យភូមិន្ទកសិកម្មចំការដូង

Powered by Koha